Introduction to business / (Record no. 71719)

MARC details
000 -LEADER
fixed length control field 01101nam a22003017a 4500
005 - DATE AND TIME OF LATEST TRANSACTION
control field 20121129143621.0
008 - FIXED-LENGTH DATA ELEMENTS--GENERAL INFORMATION
fixed length control field 121129t xxu||||| |||| 00| 0 eng d
010 ## - LCCN (DPL NO)
LC control number ENG-106248
020 ## - INTERNATIONAL STANDARD BOOK NUMBER
International Standard Book Number 9781259028649
Terms of availability 525.00
020 ## - INTERNATIONAL STANDARD BOOK NUMBER
International Standard Book Number 125902864x
Terms of availability 525.00
035 ## - SYSTEM CONTROL NUMBER
System control number EN-89781
037 ## - SOURCE OF ACQUISITION
Source of stock number/acquisition DBAD/PUB
040 ## - CATALOGING SOURCE
Original cataloging agency DPL
Language of cataloging Eng
082 ## - DEWEY DECIMAL CLASSIFICATION NUMBER
Classification number 658
100 ## - MAIN ENTRY--PERSONAL NAME
Personal name Dias, Laura Portolese
9 (RLIN) 53917
245 00 - TITLE STATEMENT
Title Introduction to business /
Statement of responsibility, etc by Laura Portolese Dias [and] Amit J. Shah
260 ## - PUBLICATION, DISTRIBUTION, ETC. (IMPRINT)
Place of publication, distribution, etc New Delhi
Name of publisher, distributor, etc Tata McGraw-Hill
Date of publication, distribution, etc 2012
270 ## - ADDRESS
Address 7 West Patel Nagar
City New delhi
Postal code 110008
300 ## - PHYSICAL DESCRIPTION
Extent xix522p.. :
Other physical details ill.
Dimensions 26cm(pbk)
500 ## - GENERAL NOTE
General note Includes index
650 #0 - SUBJECT ADDED ENTRY--TOPICAL TERM
Topical term or geographic name as entry element Business.
9 (RLIN) 53915
650 #0 - SUBJECT ADDED ENTRY--TOPICAL TERM
Topical term or geographic name as entry element Industrial management.
9 (RLIN) 53918
650 #0 - SUBJECT ADDED ENTRY--TOPICAL TERM
Topical term or geographic name as entry element Small business
General subdivision Management.
9 (RLIN) 53919
700 ## - ADDED ENTRY--PERSONAL NAME
Personal name Shah, Amit J.
9 (RLIN) 53920
942 ## - ADDED ENTRY ELEMENTS (KOHA)
Source of classification or shelving scheme Dewey Decimal Classification
Item type English Books
Classification part 658
Call number suffix DIA
Holdings
Withdrawn status Lost status Source of classification or shelving scheme Damaged status Not for loan Collection code Home library Current library Date acquired Source of acquisition Cost, normal purchase price Total Checkouts Full call number Barcode Date last seen Copy number Cost, replacement price Koha item type
    Dewey Decimal Classification   Not For Loan Non-fiction D.B.Act.Division D.B.Act.Division 29/11/2012 DBAD/PUB 525.00   658 DIA EN-89781 29/11/2012 1 525.00 English Books

© Delhi Public Library
Hit Counter
free hit counter